000 00887nam a22002897a 4500
001 000591
003 DO-SdBNP
005 20180131130145.0
007 000591
008 161025b 1987 sp a ||||| |||| 00| 0 spa d
020 _a8422619636
040 _aBPMSU
_bspa
_cBPMSU
041 _aspa
_heng
100 1 _aO'Hara, Mary.
240 _aMy friend Flicka.
_lEspañol
245 1 0 _aMi amiga Flicka /
_cMary O'Hara ; ilustraciones de Ballestar ; traducción, J. Pané Argelich.
260 _aBarcelona :
_bCírculo de Lectores,
_c1987.
300 _a218 p. :
_bil. ;
_c21 cm.
490 1 _aAlboreal
_v134
650 _aNovela estadounidense.
700 1 2 _aCeretti, Mario Enrique,
_etr.
700 1 _aBallestar, Vicente B.,
_e1929-
830 0 _aAlboreal ;
_v134
942 _2ddc
_cBK
945 _aInventariado, 2018 /LP
956 _2LOPEREZ
_310
_620161025
_8BPMSU
_a00041
999 _c11665
_d11665